| 000 | 00716nam a22001817a 4500 | ||
|---|---|---|---|
| 003 | NUST-PNEC | ||
| 005 | 20170116180709.0 | ||
| 008 | 141001b xxu||||| |||| 00| 0 eng d | ||
| 040 | _cPNEC | ||
| 082 | _a620.22 LOE | ||
| 100 |
_9459 _aLoeser, Harrison T. |
||
| 245 |
_aFundamentals of ship acoustics : _bacoustical phenomena in and around ship hulls _cHarrison T. Loeser |
||
| 260 |
_aJersey City : _b Society of Naval Architects and Marine Engineers, _c ©1999. |
||
| 300 |
_ax, 165 p. : _b ill. ; _c28 cm. |
||
| 500 | _ahttp://www.worldcat.org/title/fundamentals-of-ship-acoustics-acoustical-phenomena-in-and-around-ship-hulls/oclc/50546914&referer=brief_results | ||
| 650 | _xME, MIS, Shipping | ||
| 942 |
_2ddc _cBK |
||
| 999 |
_c60849 _d60849 |
||